Role of gynecologists in reproductive education of adolescent girls in Hungary

Elmentve itt :
Bibliográfiai részletek
Szerzők: Varga-Tóth Andrea
Paulik Edit
Dokumentumtípus: Cikk
Megjelent: 2015
Sorozat:JOURNAL OF OBSTETRICS AND GYNAECOLOGY RESEARCH 41 No. 5
doi:10.1111/jog.12629

mtmt:2791215
Online Access:http://publicatio.bibl.u-szeged.hu/10017
LEADER 00879nab a2200217 i 4500
001 publ10017
005 20190325113717.0
008 161125s2015 hu o 0|| zxx d
022 |a 1341-8076 
024 7 |a 10.1111/jog.12629  |2 doi 
024 7 |a 2791215  |2 mtmt 
040 |a SZTE Publicatio Repozitórium  |b hun 
041 |a zxx 
100 2 |a Varga-Tóth Andrea 
245 1 0 |a Role of gynecologists in reproductive education of adolescent girls in Hungary  |h [elektronikus dokumentum] /  |c  Varga-Tóth Andrea 
260 |c 2015 
300 |a 747-754 
490 0 |a JOURNAL OF OBSTETRICS AND GYNAECOLOGY RESEARCH  |v 41 No. 5 
700 0 1 |a Paulik Edit  |e aut 
856 4 0 |u http://publicatio.bibl.u-szeged.hu/10017/1/Role_of_gynecologists2015cikk.pdf  |z Dokumentum-elérés  
856 4 0 |u http://publicatio.bibl.u-szeged.hu/10017/7/2015-Journal_of_Obstetrics_and_Gynaecology_Research.pdf  |z Dokumentum-elérés